Normal view
MARC view
- Bogdanov, Gene
Entry Personal Name
001 - CONTROL NUMBER
- control field: 63376
003 - CONTROL NUMBER IDENTIFIER
- control field: NUST
005 - DATE AND TIME OF LATEST TRANSACTION
- control field: 20210628203117.0
008 - FIXED-LENGTH DATA ELEMENTS
- fixed length control field: 210628|| aca||aabn | a|a d
040 ## - CATALOGING SOURCE
- Original cataloging agency: NUST
- Transcribing agency: NUST
100 ## - HEADING--PERSONAL NAME
- Personal name: Bogdanov, Gene
670 ## - SOURCE DATA FOUND
- Source citation: Work cat.: (NUST): Ludwig, Reinhold 63374, Rf circuit design,theory and applications, 2012
